000 01311nam0a22002891 4500
001 rc\4783993
005 20130417103214.7
021 _aRU
_b[66-58448]
035 _a(NLR Aleph) 009031201
090 _a9490423
_c9490423
100 _a20130417d1966 |||y0rusy50 ca
101 0 _arus
102 _aRU
105 _ay z |||c|
200 1 _aОчерки истории социалистического строительства в Казахстане. (1933-1940 гг.)
_fАН Каз. ССР. Ин-т истории, археологии и этнографии им. Ч.Ч. Валиханова
210 _aАлма-Ата
_cНаука
_d1966
215 _a280 с.
_d22
300 _aПеред загл. авт.: С.Б. Нурмухамедов, В.К. Савосько, Р.Б. Сулейменов
606 _aСоциалистическое строительство
_yКазахская ССР
_xИстория
_z1933-1940
_2psbo
700 1 _aНурмухамедов
_bС. Б.
_gСуният Бекмашевич
701 1 _aСавосько
_bВ. К.
_gВладимир Кондратьевич
701 1 _aСулейменов
_bР. Б.
_gРамазан Бимашевич
801 0 _aRU
_bNLR
_gpsbo
801 1 _aRU
_bELAR
_2rusmarc
852 _aNLR
_j66-5/3678
942 _cBOOK
980 _aNB